The call of the apostles. (Record no. 5118)

000 -LEADER
fixed length control field 00612nam a2200205 a 4500
001 - CONTROL NUMBER
control field :::00002859$&:&@@
003 - CONTROL NUMBER IDENTIFIER
control field OkBaRHE
005 - DATE AND TIME OF LATEST TRANSACTION
control field 20090506133735.0
008 - FIXED-LENGTH DATA ELEMENTS--GENERAL INFORMATION
fixed length control field s1970 j 000 0 eng u
040 ## - CATALOGING SOURCE
Transcribing agency
100 1# - MAIN ENTRY--PERSONAL NAME
Personal name Lindsay, Gordon.
245 14 - TITLE STATEMENT
Title The call of the apostles.
260 ## - PUBLICATION, DISTRIBUTION, ETC. (IMPRINT)
Place of publication, distribution, etc Dallas, TX., :
Name of publisher, distributor, etc Christ For The Nations
Date of publication, distribution, etc c1970
300 ## - PHYSICAL DESCRIPTION
Extent 39 p. ;
Dimensions 19 cm.
490 0# - SERIES STATEMENT
Series statement Life of Christ series.
650 ## - SUBJECT ADDED ENTRY--TOPICAL TERM
Topical term or geographic name as entry element Apostles
650 ## - SUBJECT ADDED ENTRY--TOPICAL TERM
Topical term or geographic name as entry element Bible New Testament
General subdivision Biography
942 ## - ADDED ENTRY ELEMENTS (KOHA)
Source of classification or shelving scheme
Koha item type Books
Copies
Shelving location Barcode Full call number Price effective from Copy number Koha item type Damaged status Not for loan Permanent Location Lost status Date last seen Date acquired Withdrawn status Source of classification or shelving scheme
General Stacks2859BS 2440 .L4892010-04-141Books  RHEMA Bible Training College 2018-03-162010-04-14